Weird Buildings - Statistics

General Stats
  • This quiz has been taken 10 times
  • The average score is 3 of 7
Answer Stats
Picture Answer % Correct
United Kingdom
78%
United States Of America
67%
Canada
33%
Netherlands
33%
Taiwan
33%
Canada
22%
Portugal
11%
No matching quizzes found
Score Distribution
Percent of People with Each Score
Percentile by Number Answered
Your Score History
You have not taken this quiz